[Event "Mittelrhein Verbandsliga-W 17/18"]
[Site "Nordrheinwestfalen"]
[Date "2018.02.04"]
[Round "7.1"]
[White "Voulon, Oliver"]
[Black "Schiffer, Alphons"]
[Result "1-0"]
[WhiteElo "2014"]
[BlackElo "1801"]
[PlyCount "129"]
[EventDate "2017.09.10"]
[EventType "team-tourn"]
[EventRounds "11"]
[EventCountry "GER"]
[SourceTitle "EXT 2022"]
[Source "ChessBase"]
[SourceDate "2021.10.06"]
[SourceVersion "1"]
[SourceVersionDate "2021.10.06"]
[SourceQuality "1"]
[WhiteTeam "Lendersdorf"]
[BlackTeam "Erftstadt SV"]
[WhiteTeamCountry "GER"]
[BlackTeamCountry "GER"]

1. d4 e6 2. Nf3 b6 3. g3 Bb7 4. Bg2 f5 5. c4 Nf6 6. 0-0 Be7 7. Nc3 0-0 8. Qc2 Ne4 9. Ne5 Nd6 10. Bxb7 Nxb7 11. d5 d6 12. Nd3 e5 13. e4 Qd7 14. f4 fxe4 15. Nxe4 Qh3 16. Be3 Nd7 17. b4 Rae8 18. fxe5 Nxe5 19. Nxe5 dxe5 20. c5 Qg4 21. Qc4 Kh8 22. d6 cxd6 23. cxd6 Bf6 24. Qd5 Nd8 25. Rac1 Qe6 26. Rfd1 Rf7 27. d7 Ree7 28. Rc8 Rf8 29. Ng5 Qxd5 30. Rxd5 h6 31. Ne4 Kh7 32. Rc7 Re6 33. b5 Be7 34. Kg2 g5 35. g4 Kg6 36. Rxa7 Rf4 37. Bxf4 exf4 38. Kf3 h5 39. h3 hxg4+ 40. hxg4 Nf7 41. Rb7 Ne5+ 42. Rxe5 Rxe5 43. Rxb6+ Kf7 44. Rb8 Rd5 45. b6 Rd3+ 46. Kf2 Rxd7 47. b7 Ke6 48. Nxg5+ Kd5 49. Nf7 Ke6 50. g5 Kf5 51. g6 Bf6 52. Rc8 Bd4+ 53. Kf3 Ba7 54. b8Q Bxb8 55. Rxb8 Rd3+ 56. Kf2 Kf6 57. Rb6+ Kg7 58. Ra6 Rg3 59. Ne5 Rg5 60. Re6 Rg3 61. a4 Ra3 62. Ra6 Re3 63. Ra7+ Kg8 64. Ng4 Re6 65. Nh6+ 1-0

[Event "Mittelrhein Verbandsliga-W 16/17"]
[Site "Nordrheinwestfalen"]
[Date "2016.10.23"]
[Round "3.5"]
[White "Peters, Michael"]
[Black "Schiffer, Alphons"]
[Result "1-0"]
[WhiteElo "1991"]
[BlackElo "1808"]
[PlyCount "123"]
[EventDate "2016.09.11"]
[EventType "team-tourn"]
[EventRounds "11"]
[EventCountry "GER"]
[SourceTitle "EXT 2022"]
[Source "ChessBase"]
[SourceDate "2021.10.06"]
[SourceVersion "1"]
[SourceVersionDate "2021.10.06"]
[SourceQuality "1"]
[WhiteTeam "Kerpen SK"]
[BlackTeam "Erftstadt SV"]
[WhiteTeamCountry "GER"]
[BlackTeamCountry "GER"]

1. e4 e6 2. d4 d5 3. exd5 exd5 4. Nf3 Bg4 5. Be2 Bd6 6. 0-0 Ne7 7. Re1 Nd7 8. h3 Bh5 9. Bg5 f6 10. Bd2 c6 11. Nh4 Bf7 12. Bd3 g6 13. c3 Qc7 14. Na3 Nb6 15. Qf3 f5 16. Bg5 0-0-0 17. Nc2 Rde8 18. a4 Kb8 19. Re2 h6 20. Bf6 Rhg8 21. b3 Nd7 22. Bxe7 Bxe7 23. Qg3 Bd6 24. Qf3 Nf6 25. g3 Ne4 26. Bxe4 dxe4 27. Qe3 Bxb3 28. Qxh6 Bc4 29. Ree1 Re6 30. Qd2 Bxg3 31. fxg3 Qxg3+ 32. Ng2 Qxh3 33. Qf4+ Ka8 34. Nce3 Bb3 35. Kf2 Qh7 36. Rh1 Qd7 37. Qg5 Rd6 38. Rhb1 Bf7 39. Nf4 Rh8 40. Rh1 Qe8 41. Kg2 a5 42. Rxh8 Qxh8 43. Rh1 Qe8 44. Rh7 Ka7 45. Kg3 Bb3 46. Rg7 Bxa4 47. Nc4 Rd5 48. Nxd5 cxd5 49. Rxb7+ Ka8 50. Nd6 Qf8 51. Rb6 Ka7 52. Rb7+ Ka8 53. Qe7 f4+ 54. Kf2 Qxe7 55. Rxe7 Bd1 56. Nxe4 dxe4 57. Rxe4 g5 58. Re5 g4 59. Rxa5+ Kb7 60. Rg5 g3+ 61. Ke1 Bc2 62. Rg4 1-0

[Event "Mittelrhein Verbandsliga-W 16/17"]
[Site "Nordrheinwestfalen"]
[Date "2016.10.02"]
[Round "2.5"]
[White "Schiffer, Alphons"]
[Black "Gruenich, Andreas"]
[Result "0-1"]
[WhiteElo "1808"]
[BlackElo "1850"]
[PlyCount "114"]
[EventDate "2016.09.11"]
[EventType "team-tourn"]
[EventRounds "11"]
[EventCountry "GER"]
[SourceTitle "EXT 2022"]
[Source "ChessBase"]
[SourceDate "2021.10.06"]
[SourceVersion "1"]
[SourceVersionDate "2021.10.06"]
[SourceQuality "1"]
[WhiteTeam "Erftstadt SV"]
[BlackTeam "Lendersdorf"]
[WhiteTeamCountry "GER"]
[BlackTeamCountry "GER"]

1. e4 e6 2. Nf3 d5 3. e5 c5 4. b4 cxb4 5. a3 Nc6 6. axb4 Bxb4 7. c3 Ba5 8. Qa4 Qc7 9. Bb5 Bb6 10. Ba3 Bd7 11. Bd6 Qd8 12. Qg4 g6 13. Qf4 h6 14. h4 Bc7 15. Bxc6 Bxc6 16. Ba3 f6 17. Qg4 Kf7 18. d4 Bb5 19. Kd2 a5 20. Rh3 Qe8 21. Nh2 fxe5 22. Rf3+ Kg7 23. Rf8 Qxf8 24. Bxf8+ Rxf8 25. Qg3 Nf6 26. f3 Nh5 27. Qe1 e4 28. Ng4 Bg3 29. Qh1 exf3 30. gxf3 b6 31. Na3 Ba6 32. Nc2 Bf4+ 33. Nce3 Ng3 34. Qh3 h5 35. Ne5 Nf5 36. Re1 Bc8 37. Nd3 Bxe3+ 38. Rxe3 Nxe3 39. Kxe3 e5 40. Qg3 exd4+ 41. cxd4 Rf6 42. Ne5 Re8 43. Qg1 b5 44. Qc1 a4 45. Qc7+ Kg8 46. Qc5 Be6 47. Qxb5 Bf7 48. Qxa4 Rfe6 49. f4 R6e7 50. Kf2 Kg7 51. Qb3 Be6 52. Kg2 Rc8 53. Qb6 Bf5 54. Kg3 Rec7 55. Qd6 Rc3+ 56. Nf3 Be4 57. Qe5+ Kf7 0-1

[Event "GER Seniors Derby 15th"]
[Site "Wesel Undeloh"]
[Date "2016.04.08"]
[Round "6"]
[White "Schiffer, Alphons"]
[Black "Okrajek, Alexander"]
[Result "0-1"]
[WhiteElo "1769"]
[BlackElo "2224"]
[PlyCount "92"]
[EventDate "2016.04.06"]
[EventType "swiss"]
[EventRounds "9"]
[EventCountry "GER"]
[SourceTitle "EXT 2019"]
[Source "ChessBase"]
[SourceDate "2018.10.10"]
[SourceVersion "1"]
[SourceVersionDate "2018.10.10"]
[SourceQuality "1"]

1. e4 d6 2. d4 g6 3. Bc4 Bg7 4. Ne2 Nf6 5. Nbc3 0-0 6. 0-0 c6 7. h3 b5 8. Bd3 e5 9. dxe5 dxe5 10. Bg5 Nbd7 11. b4 a5 12. a3 h6 13. Be3 Qe7 14. Qc1 Kh7 15. Rb1 Ne8 16. Ng3 Nc7 17. Nce2 axb4 18. axb4 Ra4 19. c3 Bb7 20. Bc2 Ra6 21. f4 exf4 22. Bxf4 Ne5 23. Be3 Rfa8 24. Bc5 Qe8 25. Qf4 Ne6 26. Qf2 Nxc5 27. Qxc5 Bc8 28. Bb3 Be6 29. Bxe6 Qxe6 30. Rbd1 Bf8 31. Qd4 Ra2 32. Nf4 Qe7 33. Nge2 Bg7 34. Qe3 Nc4 35. Qd3 Qa7+ 36. Nd4 Nb2 37. Qe3 Nxd1 38. Rxd1 Qc7 39. Nd3 h5 40. e5 Ra1 41. Rxa1 Rxa1+ 42. Kf2 Ra3 43. Ne2 Qd7 44. Nc5 Qf5+ 45. Qf3 Qxf3+ 46. Kxf3 Bxe5 0-1

[Event "GER Seniors Derby 15th"]
[Site "Wesel Undeloh"]
[Date "2016.04.07"]
[Round "4"]
[White "Bohnstorff, Michael"]
[Black "Schiffer, Alphons"]
[Result "1-0"]
[WhiteElo "2051"]
[BlackElo "1769"]
[PlyCount "65"]
[EventDate "2016.04.06"]
[EventType "swiss"]
[EventRounds "9"]
[EventCountry "GER"]
[SourceTitle "EXT 2019"]
[Source "ChessBase"]
[SourceDate "2018.10.10"]
[SourceVersion "1"]
[SourceVersionDate "2018.10.10"]
[SourceQuality "1"]

1. d4 b6 2. c4 Bb7 3. Nc3 e6 4. Bf4 Bb4 5. Qb3 Bxc3+ 6. Qxc3 d6 7. f3 Nd7 8. e4 Nh6 9. Bd3 0-0 10. Qd2 f5 11. Bg5 Qe8 12. Bxh6 gxh6 13. Qxh6 Qg6 14. Qxg6+ hxg6 15. exf5 exf5 16. Nh3 Rae8+ 17. Kf2 c5 18. d5 Ne5 19. Be2 Re7 20. Ng5 Bc8 21. Rhe1 Rfe8 22. f4 Ng4+ 23. Bxg4 Rxe1 24. Rxe1 Rxe1 25. Kxe1 fxg4 26. Ne4 Bf5 27. Nxd6 Bb1 28. a3 Ba2 29. Kd2 a6 30. Kc3 b5 31. b3 bxc4 32. bxc4 Bb1 33. Nb7 1-0

[Event "GER Seniors Derby 15th"]
[Site "Wesel Undeloh"]
[Date "2016.04.06"]
[Round "2"]
[White "Skibbe, Diana"]
[Black "Schiffer, Alphons"]
[Result "0-1"]
[WhiteElo "2054"]
[BlackElo "1769"]
[PlyCount "106"]
[EventDate "2016.04.06"]
[EventType "swiss"]
[EventRounds "9"]
[EventCountry "GER"]
[SourceTitle "EXT 2019"]
[Source "ChessBase"]
[SourceDate "2018.10.10"]
[SourceVersion "1"]
[SourceVersionDate "2018.10.10"]
[SourceQuality "1"]

1. e4 e6 2. d4 d5 3. Nc3 Bb4 4. e5 c5 5. a3 Bxc3+ 6. bxc3 Nc6 7. Qg4 Nge7 8. Qxg7 Rg8 9. Qxh7 cxd4 10. f4 Qa5 11. Ne2 dxc3 12. Qd3 Nf5 13. Qxc3 Qa4 14. Rg1 Bd7 15. Qb3 Ncd4 16. Qxa4 Bxa4 17. Nxd4 Nxd4 18. Kf2 Nxc2 19. Rb1 0-0-0 20. Bb2 d4 21. Bd3 Ne3 22. Rgc1+ Kb8 23. g3 b6 24. Kg1 Rd7 25. Ba1 Kb7 26. Rb4 Bc6 27. Rxc6 Kxc6 28. Bb5+ Kc7 29. Bxd7 Kxd7 30. Rxd4+ Nd5 31. Kf2 Rc8 32. Rd2 Rc4 33. Kf3 Ke7 34. h4 Kf8 35. Kg4 Kg7 36. Kg5 Re4 37. Rd3 a5 38. Rb3 Rc4 39. h5 Re4 40. Bb2 Rc4 41. Rd3 b5 42. f5 b4 43. axb4 axb4 44. g4 Re4 45. Rxd5 exd5 46. e6+ Kg8 47. h6 fxe6 48. f6 d4 49. Kh5 Kf7 50. h7 Re2 51. h8N+ Kxf6 52. Bxd4+ e5 53. g5+ Kg7 0-1

[Event "Mittelrhein Verbandsliga-W 15/16"]
[Site "Nordrheinwestfalen"]
[Date "2015.10.18"]
[Round "3.6"]
[White "Schmitt, Lars"]
[Black "Schiffer, Alphons"]
[Result "1-0"]
[WhiteElo "1712"]
[BlackElo "1769"]
[PlyCount "71"]
[EventDate "2015.09.06"]
[EventType "team-tourn"]
[EventRounds "11"]
[EventCountry "GER"]
[SourceTitle "EXT 2022"]
[Source "ChessBase"]
[SourceDate "2021.10.06"]
[SourceVersion "1"]
[SourceVersionDate "2021.10.06"]
[SourceQuality "1"]
[WhiteTeam "Herzogenrath"]
[BlackTeam "Erftstadt SV"]
[WhiteTeamCountry "GER"]
[BlackTeamCountry "GER"]

1. d4 e6 2. c4 b6 3. Nc3 Bb4 4. e3 Bxc3+ 5. bxc3 Nf6 6. Bd3 Bb7 7. f3 d6 8. Ne2 Nbd7 9. 0-0 Qe7 10. e4 e5 11. a4 a5 12. Ng3 g6 13. Qc2 0-0-0 14. f4 exf4 15. Bxf4 Rdg8 16. Rae1 Nh5 17. Qf2 Nxg3 18. Bxg3 f6 19. Qe3 h5 20. h3 Kb8 21. e5 dxe5 22. dxe5 Qc5 23. Qd4 h4 24. Bh2 Rh5 25. exf6 Rg5 26. Be4 Bxe4 27. Rxe4 Qc6 28. f7 Rf8 29. Rf2 Kb7 30. Re7 Kc8 31. Rd2 Ne5 32. Bxe5 Rxe5 33. Qxe5 Rxf7 34. Rxf7 Qxc4 35. Rf8+ Kb7 36. Qd5+ 1-0